000 00941nam a2200253 i 4500
001 bg
245 0 0 _aBazy danych. /
_cred. nauk. Zygmunt Mazur
_n4.
260 _aWrocław :
_bOficyna Wydawnicza PW,
_c2003.
300 _a112 s. :
_bil. ;
_c24 cm.
490 1 _aPrace Naukowe Wydziałowego Zakładu Informatyki Politechniki Wrocławskiej
500 _aStreszcz. ang. przy pracach.
504 _aBibliogr. przy pracach.
650 9 _aBaza danych
_xbudowa i organizacja
700 1 _aMAZUR, Zygmunt.
_eRed.
830 _aPrace Naukowe Wydziałowego Zakładu Informatyki Politechniki Wrocławskiej
020 _a837085706X
040 _cBPK
041 0 _apol
_beng
080 _a004.65
920 _a83-7085-706-X
942 _cKS
008 s pl f |000 0 pol
999 _c44103
_d44103
856 _uhttp://koha.tu.koszalin.pl/cgi-bin/koha/opac-detail.pl?biblionumber=44103
_yKatalog online BPK